Najlepsi strzelcy danych reprezentacji w piłce nożnej. - Statystyki

Ogólne statystyki
  • Ten quiz został rozwiązany 702 razy
    112 od ostatniego zresetowania
  • Średni wynik to 15 z 30
Statystyki odpowiedzi
Reprezentacja Zawodnik Gole % Poprawnych
Argentyna Lionel Messi 109
100%
Portugalia Cristiano Ronaldo 123
97%
Belgia Romelu Lukaku 85
95%
Polska Robert Lewandowski 85
92%
Brazylia Neymar 79
87%
Anglia Harry Kane 69
85%
Urugwaj Luis Suárez 68
83%
Szwecja Zlatan Ibrahimovic 62
81%
Walia Gareth Bale 41
80%
Niemcy Miroslav Klose 71
74%
Hiszpania David Villa 59
72%
Senegal Sadio Mané 34
71%
Francja Olivier Giroud 57
69%
Ukraina Andrij Szewczenko 48
67%
Holandia Robin van Persie 50
55%
USA Clint Dempsey / Landon Donovan 57
54%
Meksyk Javier Hernández 52
52%
Kolumbia Radamel Falcao 36
51%
Chorwacja Davor Šuker 45
44%
Serbia Aleksandar Mitrović 52
36%
Turcja Hakan Şükür 51
18%
Iran Ali Daei 109
13%
Szwajcaria Alexander Frei 42
12%
Dania Poul Nielsen / Jon Dahl Tomasson 53
9%
Włochy Luigi Riva 35
8%
Austria Anton Polster 44
7%
Peru Paolo Guerrero 38
6%
Korea Południowa Cha Bum-kun 58
2%
Maroko Ahmed Faras 36
0%
Japonia Kunishige Kamamoto 75
0%
Nie znaleziono quizów pasujących do podanych kryteriów
Rozkład punktacji
Procent ludzi z każdym wynikiem
Percentyl według liczby udzielonych odpowiedzi
Twoja historia wyników
Nie rozwiązałeś tego quizu od ostatniego zresetowania